000 02140nam a2200409 c 4500
001 52607
003 ES-MaCES
005 20250203134106.0
008 221216s2022 uk 000 | eng d
020 _a9781788739757
040 _aES-MaCES
_bspa
_cES-MaCES
100 1 _aChristophers, Brett
_940568
245 1 0 _aRentier capitalism
_b: who owns the economy, and who pays for it?
_cChristophers, Brett
250 _a1st ed
260 _aLondon
_aNew York
_bVerso
_c2022
300 _a476 p.
_c21 cm
500 _aÍndices
520 3 _a¿Cómo se convirtió la economía británica en un bastión de la desigualdad? El autor de 'The New Enclosure' proporciona un examen forense y una crítica radical del capitalismo de principios del siglo XXI. Brett Christophers llama a esto "capitalismo rentista", en el que la propiedad de tipos clave de activos escasos, como la tierra, la propiedad intelectual, los recursos naturales o las plataformas digitales, es de suma importancia y está dominada por unas pocas empresas e individuos increíblemente ricos: los rentistas. . Si una pequeña élite es dueña de la economía actual, todos los demás pagan la cuenta. En ninguna parte esta divergencia es más marcada, muestra Christophers, que en el Reino Unido, donde los males prototípicos del capitalismo rentista (grandes desigualdades combinadas con un estancamiento económico arraigado) están en plena exhibición y han llevado al país inexorablemente al precipicio del Brexit.
541 _cCompra
650 4 _acapitalismo
_927116
650 4 _aarrendamiento
_927509
650 4 _aalquiler
_931018
650 4 _asubcontratación
_928256
650 4 _arentabilidad de la inversión
_928153
650 4 _apoder empresarial
_930600
650 4 _aélite
_927291
650 4 _agrupo de intereses
_927235
650 4 _ariqueza
_929375
650 4 _adesigualdad económica
_929371
650 4 _adesigualdad social
_930789
650 4 _aReino Unido
_926967
650 4 _ateoría económica
_927076
653 1 0 _aEconomía
700 1 _939567
_aHowe, Sharon
_etr.
902 _aLIB Libro
942 _2CES
_cBK
_h0.0.
999 _c52607
_d52607